| 000 | 00987nam a2200277Ia 4500 | ||
|---|---|---|---|
| 003 | OSt | ||
| 005 | 20221007123336.0 | ||
| 006 | a|||||r|||| 00| 0 | ||
| 007 | ta | ||
| 008 | 221006b |||||||| |||| 00| 0 eng d | ||
| 020 |
_a8185015538 (pbk) _cRs.250.00 |
||
| 024 | _a8621 | ||
| 037 |
_bN R Book, _cTextual |
||
| 040 |
_aPAPL _cPAPL _beng |
||
| 041 |
_2eng _aeng |
||
| 082 | _aB7, K2;M0;9 | ||
| 100 | _aGoldstein Herbert | ||
| 245 | 0 | _aClassical mechanics by Herbert Goldstein | |
| 250 | _aEd 2 | ||
| 260 |
_aNew _bDelhi Narosa Publishing House _c1980 |
||
| 300 |
_axviii,684p _ccm. |
||
| 500 | _aAppendix A-E, 601-619p; Bibliography 621-630p; Indexes 643-684p; ^n23/CSL/CARPA/2001-2002/360^d2001-10-07^mPurchase; ; 2001-2002/235^b2001-10-23^c059/01^d2001-10-10^eRs.1,476.00^fN R Book Distributors; ; 2001-01-08^bSB^c2002-05-28^dRPS | ||
| 650 | _aMechanics | ||
| 942 |
_hB7, K2;M0;9 _cTEXL _2CC |
||
| 999 |
_c1211724 _d1211724 |
||